[Event "Olympiad Women-44"]
[Site "Chennai"]
[Date "2022.08.05"]
[Round "7.2"]
[White "Kojima, Natsumi"]
[Black "Bantiwalu, Aster Melake"]
[Result "0-1"]
[WhiteElo "1782"]
[BlackElo "1425"]
[PlyCount "112"]
[EventDate "2022.07.29"]
[EventType "team-swiss"]
[EventRounds "11"]
[EventCountry "IND"]
[SourceTitle "CBM 210"]
[Source "ChessBase"]
[SourceDate "2022.10.31"]
[SourceVersion "1"]
[SourceVersionDate "2022.10.31"]
[SourceQuality "1"]
[WhiteTeam "Japan (W)"]
[BlackTeam "Ethiopia (W)"]
[WhiteTeamCountry "JPN"]
[BlackTeamCountry "ETH"]

1. e4 e5 2. Nf3 Nc6 3. d4 exd4 4. Nxd4 Bc5 5. Nb3 Bb6 6. Nc3 d6 7. Qe2 h6 8. Be3 Bxe3 9. Qxe3 Nf6 10. 0-0-0 Bd7 11. f3 a6 12. g4 Qe7 13. h4 0-0-0 14. Be2 Kb8 15. Nd4 Ne5 16. Nd5 Nxd5 17. exd5 Rhe8 18. Qb3 Ka7 19. h5 Qf6 20. Kb1 Bc8 21. Rhf1 Nd7 22. Bxa6 Nc5 23. Qc4 Nxa6 24. Rd3 Rd7 25. Ra3 Rde7 26. Rxa6+ bxa6 27. Nc6+ Ka8 28. Qb4 Bb7 29. Nxe7 Qxe7 30. Qa5 Kb8 31. a3 Qe2 32. Rc1 Qxf3 33. c4 Qxg4 34. c5 dxc5 35. Qxc5 Qd7 36. Rd1 Rd8 37. d6 cxd6 38. Qd4 f6 39. Ka1 Qc7 40. Rd3 Qe7 41. Rb3 Rc8 42. Qb6 Ka8 43. Qb4 Bd5 44. Qb6 Rc1+ 45. Ka2 Bxb3+ 46. Qxb3 Rc8 47. Qb6 Qe6+ 48. Kb1 Qe4+ 49. Ka2 Qc6 50. Qe3 Re8 51. Qd3 d5 52. Qd2 Qc4+ 53. Kb1 Re2 54. Qd1 Qe4+ 55. Ka2 Re1 56. Qc2 Qxc2 0-1

[Event "Olympiad Women-44"]
[Site "Chennai"]
[Date "2022.08.02"]
[Round "5.2"]
[White "Bantiwalu, Aster Melake"]
[Black "Elshalom, Essayas Berhane"]
[Result "1-0"]
[WhiteElo "1425"]
[BlackElo "1481"]
[PlyCount "149"]
[EventDate "2022.07.29"]
[EventType "team-swiss"]
[EventRounds "11"]
[EventCountry "IND"]
[SourceTitle "CBM 210"]
[Source "ChessBase"]
[SourceDate "2022.10.31"]
[SourceVersion "1"]
[SourceVersionDate "2022.10.31"]
[SourceQuality "1"]
[WhiteTeam "Ethiopia (W)"]
[BlackTeam "Eritrea (W)"]
[WhiteTeamCountry "ETH"]
[BlackTeamCountry "ERI"]

1. e4 c5 2. Nf3 Nc6 3. Bc4 e5 4. d3 h6 5. Nc3 Nf6 6. a3 Be7 7. Be3 d6 8. h3 0-0 9. 0-0 Bd7 10. Qd2 Nd4 11. Bxd4 cxd4 12. Ne2 Qc8 13. Ng3 Qc7 14. Bb3 Rac8 15. Rac1 Qb6 16. Rfe1 a5 17. Rb1 Rc7 18. Rec1 Rfc8 19. Qd1 Rc5 20. Nd2 a4 21. Bc4 Qc7 22. b4 axb3 23. Bxb3 d5 24. Qf3 Be6 25. exd5 Nxd5 26. Bc4 Bg5 27. Nge4 Bxd2 28. Nxd2 Nb6 29. Bxe6 fxe6 30. Nc4 Rf8 31. Qe4 Rf4 32. Qg6 Nxc4 33. dxc4 Qc6 34. Rb4 Rxc4 35. Rcb1 Rxb4 36. Rxb4 Rf6 37. Qd3 Rf8 38. Qb3 Qd5 39. Qxd5 exd5 40. Rxb7 Rc8 41. Rb2 Rc3 42. Ra2 d3 43. cxd3 Rxd3 44. f3 Kf8 45. a4 Rb3 46. a5 Rb8 47. a6 Ra8 48. Ra5 d4 49. Kf2 Kf7 50. Ke2 Ke6 51. g4 Kd6 52. Kd3 Kc6 53. Rxe5 Kd7 54. Ra5 Kc6 55. Kxd4 Kb6 56. Ra3 Ka7 57. Ke5 Rf8 58. h4 h5 59. g5 g6 60. f4 Rf5+ 61. Ke4 Ka8 62. Rd3 Rb5 63. Rd6 Rb4+ 64. Ke5 Rb5+ 65. Kf6 Rf5+ 66. Kxg6 Rxf4 67. Kxh5 Ka7 68. g6 Rf2 69. Kh6 Rh2 70. h5 Re2 71. g7 Re8 72. Kh7 Re7 73. Kh8 Rf7 74. g8Q Rf8 75. Rd7+ 1-0

[Event "Olympiad Women-44"]
[Site "Chennai"]
[Date "2022.07.29"]
[Round "1.2"]
[White "Argote Heredia, Valentina"]
[Black "Bantiwalu, Aster Melake"]
[Result "1-0"]
[WhiteElo "2205"]
[BlackElo "1425"]
[PlyCount "47"]
[EventDate "2022.07.29"]
[EventType "team-swiss"]
[EventRounds "11"]
[EventCountry "IND"]
[SourceTitle "CBM 210"]
[Source "ChessBase"]
[SourceDate "2022.10.31"]
[SourceVersion "1"]
[SourceVersionDate "2022.10.31"]
[SourceQuality "1"]
[WhiteTeam "Colombia (W)"]
[BlackTeam "Ethiopia (W)"]
[WhiteTeamCountry "COL"]
[BlackTeamCountry "ETH"]

1. e4 e5 2. Nf3 Nc6 3. Bb5 d6 4. h3 Nf6 5. d3 h6 6. 0-0 Be7 7. c3 0-0 8. Re1 a6 9. Ba4 b5 10. Bc2 Nd7 11. Nbd2 Bf6 12. Nf1 Re8 13. Ne3 Nb6 14. Nh2 Ne7 15. Qh5 Bg5 16. Bb3 Be6 17. Bxe6 fxe6 18. h4 Bf6 19. Neg4 Rf8 20. Bxh6 gxh6 21. Nxh6+ Kg7 22. Re3 Qe8 23. Rg3+ Kh7 24. Nf7# 1-0

[Event "Addis Ababa zt 4.4 (Women)"]
[Site "Addis Ababa"]
[Date "2022.05.03"]
[Round "2"]
[White "Bantiwalu, Aster Melake"]
[Black "Eshete, Ruth Leykun"]
[Result "1-0"]
[WhiteElo "1387"]
[BlackElo "1454"]
[PlyCount "103"]
[EventDate "2022.05.02"]
[EventType "swiss"]
[EventRounds "9"]
[EventCountry "ETH"]
[SourceTitle "CBM 208 Extra"]
[Source "ChessBase"]
[SourceDate "2022.07.31"]
[SourceVersion "1"]
[SourceVersionDate "2022.07.31"]
[SourceQuality "1"]

1. e4 e5 2. Nf3 Nc6 3. Bc4 Bc5 4. d3 h6 5. a3 Nf6 6. Nc3 d6 7. h3 a6 8. Bd2 0-0 9. 0-0 Re8 10. Be3 Ba7 11. Re1 Be6 12. Bxe6 Rxe6 13. Bxa7 Nxa7 14. d4 exd4 15. Nxd4 Re5 16. f4 Re8 17. Qf3 Kh8 18. Rad1 Nh7 19. Nf5 Nc6 20. Qg3 Rg8 21. e5 Qc8 22. Qg4 dxe5 23. fxe5 Qe6 24. Qf4 Rad8 25. Nd4 Nxd4 26. Rxd4 c6 27. Red1 Rxd4 28. Qxd4 Qf5 29. Qb6 Qxe5 30. Qxb7 Ng5 31. Qxc6 Rb8 32. b3 Qg3 33. Kh1 Qf2 34. Qc7 Re8 35. Rd8 Qf1+ 36. Kh2 Rxd8 37. Qxd8+ Kh7 38. Qd3+ Qxd3 39. cxd3 Ne6 40. a4 Nc5 41. b4 Nxd3 42. b5 axb5 43. axb5 Nc5 44. Kg3 Kg8 45. Kf3 f6 46. Ke3 Kf7 47. Kd4 Nb7 48. Kd5 Ke7 49. Kc6 Nd8+ 50. Kc7 Ne6+ 51. Kc8 Nc5 52. b6 1-0

[Event "Olympiad Women-43"]
[Site "Batumi"]
[Date "2018.09.30"]
[Round "6.31"]
[White "Sovietova, Kateryna"]
[Black "Bantiwalu, Aster Melake"]
[Result "0-1"]
[WhiteElo "1353"]
[BlackElo "1365"]
[PlyCount "76"]
[EventDate "2018.09.24"]
[EventType "team-swiss"]
[EventRounds "11"]
[EventCountry "GEO"]
[SourceTitle "EXT 2020"]
[Source "ChessBase"]
[SourceDate "2019.10.17"]
[SourceVersion "1"]
[SourceVersionDate "2019.10.17"]
[SourceQuality "1"]
[WhiteTeam "IPCA (W)"]
[BlackTeam "Ethiopia (W)"]
[BlackTeamCountry "ETH"]

1. d4 d5 2. Bf4 Nf6 3. e3 Nc6 4. Nf3 Bf5 5. a3 h6 6. h3 e6 7. Be2 Be7 8. 0-0 Bd6 9. Bxd6 Qxd6 10. c4 0-0 11. Nc3 a6 12. b4 Ne7 13. c5 Qd8 14. Ne5 Qe8 15. Rc1 Nc6 16. Nxc6 Qxc6 17. b5 Qd7 18. a4 axb5 19. axb5 Ne4 20. Bd3 Qe7 21. Nxe4 dxe4 22. Be2 Rfd8 23. Bg4 Qg5 24. Bxf5 Qxf5 25. f3 Qg5 26. fxe4 Qxe3+ 27. Rf2 Rxd4 28. Qe1 Qxe4 29. Qxe4 Rxe4 30. Kf1 Rb4 31. Rd2 Rxb5 32. Rd7 c6 33. Rc7 Rb2 34. Rd1 f6 35. Kg1 Raa2 36. Kf1 Rxg2 37. Rxb7 Rh2 38. Rbd7 Rh1# 0-1

[Event "Olympiad Women-43"]
[Site "Batumi"]
[Date "2018.09.27"]
[Round "4.71"]
[White "Nokuthula, Mkhonta"]
[Black "Bantiwalu, Aster Melake"]
[Result "0-1"]
[WhiteElo "1053"]
[BlackElo "1365"]
[PlyCount "56"]
[EventDate "2018.09.24"]
[EventType "team-swiss"]
[EventRounds "11"]
[EventCountry "GEO"]
[SourceTitle "EXT 2020"]
[Source "ChessBase"]
[SourceDate "2019.10.17"]
[SourceVersion "1"]
[SourceVersionDate "2019.10.17"]
[SourceQuality "1"]
[WhiteTeam "Swaziland (W)"]
[BlackTeam "Ethiopia (W)"]
[WhiteTeamCountry "SWA"]
[BlackTeamCountry "ETH"]

1. e4 e5 2. Nf3 Nc6 3. Nc3 Nf6 4. Bc4 Bc5 5. 0-0 d6 6. d3 h6 7. h3 0-0 8. Qe2 a6 9. a3 Re8 10. Re1 Be6 11. Be3 Nd4 12. Bxd4 exd4 13. Nd5 Bxd5 14. Bxd5 Nxd5 15. Qd2 Nf6 16. c3 dxc3 17. bxc3 Bb6 18. e5 dxe5 19. Nxe5 c6 20. d4 Bc7 21. Re2 Bxe5 22. Rae1 Bc7 23. g3 Qd7 24. Kg2 Rxe2 25. Rxe2 Re8 26. Qd3 Rxe2 27. Qxe2 Qd5+ 28. Kf1 Qh1# 0-1